| 000 | 00888nam0a22002531 4500 | ||
|---|---|---|---|
| 001 | rc\2563869 | ||
| 005 | 20250623105820.0 | ||
| 035 | _a(NLR Aleph) 006728740 | ||
| 090 |
_a5521179 _c5521179 |
||
| 100 | _a20110914d1927 |||y0rusy50 ca | ||
| 101 | 0 | _arus | |
| 102 | _aRU | ||
| 105 | _ay z ||||| | ||
| 200 | 1 | _aРусские рабочие в революционном движении семидесятых годов | |
| 210 |
_a[Ленинград] _cизд-во Ленингр. губпрофсовета _d1927 _gтип. О.К.О. Ленингр. губпрофсовета |
||
| 215 |
_a72 с. _d18х13 см. |
||
| 320 | _aБиблиография: "Библиография" (23 названия) | ||
| 700 | 1 |
_aПрилежаева _bБ. |
|
| 801 | 0 |
_aRU _bNLR _gpsbo |
|
| 801 | 1 |
_aRU _bELAR _2rusmarc |
|
| 852 |
_aNLR _j41/1798 |
||
| 942 | _cBOOK | ||
| 980 | _aNB | ||